[Event "Sheffield op"]
[Site "Sheffield"]
[Date "2024.04.11"]
[Round "3"]
[White "Carroll, Thomas"]
[Black "Moyse, Nigel John"]
[Result "1-0"]
[WhiteElo "2074"]
[BlackElo "1946"]
[PlyCount "129"]
[EventDate "2024.04.10"]
[EventType "swiss"]
[EventRounds "9"]
[EventCountry "ENG"]
[SourceTitle "CB16_2024"]
[SourceDate "2024.04.17"]
[SourceVersion "1"]
[SourceVersionDate "2024.04.17"]
[SourceQuality "1"]

1. d4 d5 2. c4 c6 3. Nc3 Nf6 4. e3 e6 5. Nf3 Bb4 6. Qb3 Be7 7. Bd3 0-0 8. 0-0 c5 9. cxd5 cxd4 10. Nxd4 Nxd5 11. Nxd5 exd5 12. Bd2 Nc6 13. Nxc6 bxc6 14. Qc2 c5 15. Bxh7+ Kh8 16. Bf5 Be6 17. Bc3 Rc8 18. Rad1 Qd7 19. Bxe6 fxe6 20. Rd3 Bf6 21. Qe2 Kg8 22. Bxf6 Rxf6 23. Rd2 Qa4 24. b3 Qa5 25. Rc1 Rf7 26. g3 Rfc7 27. Rdc2 Rc6 28. Qg4 Qb6 29. h4 R8c7 30. Qh5 Rc8 31. Qe5 Qc7 32. Qxc7 R6xc7 33. e4 d4 34. Rc4 a5 35. Ra4 d3 36. Kf1 c4 37. bxc4 d2 38. Rd1 Rxc4 39. Rxa5 Rd8 40. Ra3 Rxe4 41. Re3 Ra4 42. Rxe6 Rxa2 43. Ke2 Rf8 44. Re3 Ra6 45. Rxd2 Raf6 46. f4 Ra6 47. Rd7 Rb8 48. h5 Kh8 49. Kf3 Ra2 50. Kg4 Rg2 51. Rde7 Kh7 52. Re2 Rg1 53. Re1 Rb1 54. Rxb1 Rxb1 55. Kg5 Rb6 56. f5 Rf6 57. g4 Rb6 58. Re6 Rb5 59. h6 gxh6+ 60. Rxh6+ Kg7 61. Rg6+ Kf7 62. Ra6 Rb7 63. Rh6 Kg8 64. f6 Ra7 65. Kf5 1-0

[Event "Frome op 32nd"]
[Site "Frome"]
[Date "2023.05.14"]
[Round "5"]
[White "Timbrell, Matthew"]
[Black "Moyse, Nigel John"]
[Result "1/2-1/2"]
[WhiteElo "1440"]
[BlackElo "1945"]
[PlyCount "44"]
[EventDate "2023.05.12"]
[EventType "swiss"]
[EventRounds "5"]
[EventCountry "ENG"]
[SourceTitle "EXT 2024"]
[Source "ChessBase"]
[SourceDate "2023.10.10"]
[SourceVersion "1"]
[SourceVersionDate "2023.10.10"]
[SourceQuality "1"]

1. c4 e5 2. g3 Nf6 3. Bg2 d5 4. cxd5 Nxd5 5. Nc3 Nb6 6. Nf3 Nc6 7. 0-0 Be7 8. b3 0-0 9. Bb2 Bf5 10. d3 Qd7 11. Rc1 Bh3 12. Ne4 Bxg2 13. Kxg2 f6 14. Nc5 Bxc5 15. Rxc5 Nd8 16. b4 Ne6 17. Qb3 Qf7 18. Rc2 a6 19. Nd2 Rad8 20. Ne4 c6 21. Nc5 Nd5 22. e3 Nxc5 1/2-1/2

[Event "Daventry 4NCL Easter op-A 3rd"]
[Site "Daventry"]
[Date "2023.04.09"]
[Round "4"]
[White "Moyse, Nigel John"]
[Black "Moss, Jack"]
[Result "1-0"]
[WhiteElo "1968"]
[BlackElo "1814"]
[PlyCount "39"]
[EventDate "2023.04.07"]
[EventType "swiss"]
[EventRounds "7"]
[EventCountry "ENG"]
[SourceTitle "CBM 213 Extra"]
[Source "ChessBase"]
[SourceDate "2023.05.31"]
[SourceVersion "1"]
[SourceVersionDate "2023.05.31"]
[SourceQuality "1"]

1. e4 e5 2. Nf3 Nc6 3. d4 exd4 4. Bc4 Nf6 5. e5 Ne4 6. 0-0 Be7 7. Re1 d5 8. Bb5 Bg4 9. h3 Bxf3 10. gxf3 Nxf2 11. Kxf2 Bh4+ 12. Kg2 Bxe1 13. Qxe1 0-0 14. Qg3 Kh8 15. c3 d3 16. Bxd3 Qe7 17. Bg5 Qe6 18. Qh4 h6 19. Bf6 Kg8 20. Qg3 1-0

[Event "Leamington Spa 4NCL op 25th"]
[Site "Leamington Spa"]
[Date "2021.07.10"]
[Round "3"]
[White "Makkar, Rajat"]
[Black "Moyse, Nigel John"]
[Result "1-0"]
[WhiteElo "2230"]
[BlackElo "2036"]
[PlyCount "105"]
[EventDate "2021.07.09"]
[EventType "swiss"]
[EventRounds "5"]
[EventCountry "ENG"]
[SourceTitle "CBM 203 Extra"]
[Source "ChessBase"]
[SourceDate "2021.09.30"]
[SourceVersion "1"]
[SourceVersionDate "2021.09.30"]
[SourceQuality "1"]

1. d4 Nf6 2. c4 g6 3. g3 Bg7 4. Bg2 0-0 5. Nc3 d6 6. Nf3 Nbd7 7. 0-0 Re8 8. e4 e5 9. h3 exd4 10. Nxd4 Nc5 11. Re1 a5 12. Rb1 c6 13. b3 Ne6 14. Be3 Qc7 15. Qd2 Nc5 16. Qc2 Rb8 17. Rbd1 Ne6 18. Nxe6 fxe6 19. c5 d5 20. exd5 Nxd5 21. Nxd5 cxd5 22. h4 Ra8 23. Bf4 Qf7 24. Be5 Bd7 25. Qc3 Rec8 26. Bxg7 Qxg7 27. Qxg7+ Kxg7 28. Bxd5 exd5 29. Re7+ Kf6 30. Rxd7 Rxc5 31. Rxb7 Rd8 32. Rxh7 Rc2 33. a4 d4 34. Rd3 Ke5 35. Re7+ Kd5 36. Re1 Kc5 37. Re5+ Rd5 38. Re4 Rf5 39. Rdxd4 Rcxf2 40. Rf4 R5xf4 41. Rxf4 Rb2 42. Rc4+ Kd5 43. Rg4 Rxb3 44. Rxg6 Rb2 45. Rg4 Ke5 46. Rf4 Rc2 47. h5 Rc8 48. h6 Rh8 49. Rh4 Rh7 50. Rh5+ Ke4 51. Kg2 Ke3 52. Kh3 Kf3 53. Kh4 1-0

[Event "Leamington Spa 4NCL op 25th"]
[Site "Leamington Spa"]
[Date "2021.07.09"]
[Round "1"]
[White "Jones, Steven"]
[Black "Moyse, Nigel John"]
[Result "1-0"]
[WhiteElo "2219"]
[BlackElo "2036"]
[PlyCount "97"]
[EventDate "2021.07.09"]
[EventType "swiss"]
[EventRounds "5"]
[EventCountry "ENG"]
[SourceTitle "CBM 203 Extra"]
[Source "ChessBase"]
[SourceDate "2021.09.30"]
[SourceVersion "1"]
[SourceVersionDate "2021.09.30"]
[SourceQuality "1"]

1. e4 d6 2. d4 Nf6 3. Nc3 g6 4. f4 Bg7 5. Nf3 c5 6. Bb5+ Bd7 7. Bxd7+ Nfxd7 8. d5 b5 9. Nxb5 Qa5+ 10. Nc3 Bxc3+ 11. bxc3 Qxc3+ 12. Bd2 Qc4 13. Qe2 Nb6 14. a4 0-0 15. a5 Qxe2+ 16. Kxe2 N6d7 17. c4 Na6 18. Rhb1 Rab8 19. Bc3 Rxb1 20. Rxb1 Rb8 21. Rxb8+ Ndxb8 22. Kd3 Nd7 23. Nd2 Nc7 24. e5 a6 25. g4 Ne8 26. Ke4 e6 27. Kd3 Kf8 28. Ne4 Ke7 29. g5 dxe5 30. fxe5 Ng7 31. Nf6 Nf5 32. Nxh7 Nh4 33. Ke4 Kd8 34. Be1 Nf5 35. Nf6 Nxf6+ 36. gxf6 Nd4 37. Bf2 Nb3 38. Kd3 Nxa5 39. Bxc5 Nb7 40. Ba3 Kd7 41. Kd4 Na5 42. Kc3 Nb7 43. Kb4 Ke8 44. Bc1 exd5 45. cxd5 Kd7 46. Bf4 a5+ 47. Kb5 a4 48. Bc1 Kc7 49. Ba3 1-0